00885nam a2200265 a 450000100100000000500170001000800410002702000150006804000250008308200230010810000420013124500460017325000110021926000470023030000210027749000330029865000370033165000180036865000190038665000200040583000410042504900090046695201270047599900170060200002513920250916134336.0110210s1991 sp r 000 0 spa d a842391819X aDO-SdBNPbspacBNPHU a152.4bR719v, 19911 aRof Carballo, Juan,d1905-199495154010aViolencia y ternura /cJuan Rof Carballo. a2a ed. aMadrid, (España) :bEspasa-Calpe,c1991. a394 p. ;c18 cm.1 aAustral. Ciencias del hombre 4aAgresivida (psicología)951541 4aBondad951542 4aTernura951543 0aViolencia91750 0aAustral.pCiencias del hombre951544 aBNGR 001054708MOaGRbGRcCTd2011-02-10iLF1l0o152.4 R719v, 1991p25139-10r2020-06-25w2020-06-25y4ZPréstamo en sala c24632d24632